| 000 | 00945nam a2200289 a 4500 | ||
|---|---|---|---|
| 003 | CHAP | ||
| 005 | 20220329142117.0 | ||
| 008 | 990705d1995 mx a r 00110 spa d | ||
| 010 | _a78566 | ||
| 011 | _a79538 | ||
| 035 | _a89801 | ||
| 040 | _cCHAP | ||
| 082 | 0 | 4 |
_a633 _bE82 |
| 100 | 0 | 0 |
_aEstrada Ramírez, Eleuterio E. _938430 |
| 245 | 1 | 0 |
_aManual de prácticas : _bdel curso de cultivos básicos _c/por Eleuterio E. Estrada Ramírez |
| 260 |
_aChapingo, Méx. : _bUACH. Departamento de Preparatoria Agrícola, _c1995. |
||
| 300 |
_a106 h. : _bilus. |
||
| 590 |
_aBATCH-UPD _b10 _c20130110 _lUCH01 _h1015 |
||
| 590 |
_aBATCH-UPD _b10 _c20130410 _lUCH01 _h0622 |
||
| 590 |
_aBATCH-UPD _b10 _c20130914 _lUCH01 _h1121 |
||
| 590 |
_aCONVERSION _b10 _c20130109 _lUCH01 _h1344 |
||
| 650 | 1 | 4 |
_aCultivos. _930221 |
| 901 | _aBK | ||
| 905 | _aAlejandra Carrasco M. | ||
| 942 | _cLIBRO | ||
| 949 |
_a633 E82 _bBC _cUACH _d33724000729745 _eUACH _h95944 _i89801 _st |
||
| 999 |
_c78566 _d78566 |
||